|
|
|
|
| LEADER |
00000nam a2200000 a 4500 |
| 001 |
UCY9739 |
| 003 |
CL-VaPUC |
| 008 |
950720e19370000SP |||||||||||||||||spa|d |
| 082 |
0 |
4 |
|a 861
|b GAR
|2 21
|
| 100 |
|
|
|a García Lorca, Federico
|e autor
|9 315690
|
| 245 |
1 |
0 |
|a Poema del cante jondo
|
| 300 |
|
|
|a 147 p
|
| 942 |
|
|
|c BK
|
| 945 |
|
|
|d 19950720 00:00:00
|a rbrito
|
| 260 |
|
|
|a Madrid
|b Ulises
|c 1937
|
| 650 |
|
0 |
|a Poesías españolas
|9 265100
|
| 583 |
|
|
|a last modification
|c 19950720 00:00:00
|k Rodrigo Vera
|
| 999 |
|
|
|c 236779
|d 236777
|
| 952 |
|
|
|0 0
|1 0
|4 0
|6 861_000000000000000_GAR_1937
|7 0
|8 A
|9 245109
|a BIBEDU
|b BIBEDU
|d 2019-11-18
|i 3109283
|o 861 GAR 1937
|p 3109283
|r 2019-11-18
|w 2019-11-18
|y BK
|k LIT
|